| 000 | 00447nam a22001697a 4500 | ||
|---|---|---|---|
| 003 | CEME | ||
| 005 | 20210628210625.0 | ||
| 008 | 210104b xxu||||| |||| 00| 0 eng d | ||
| 040 | _cceme | ||
| 082 | _a954.91 SIQ | ||
| 100 |
_aSiddique, Muhammad Islam _980233 |
||
| 245 | _aRooh-e-pakistaniat | ||
| 260 |
_aMULTAN _bMUHAMMAD RAMZAN PRINTERS _c2004 |
||
| 300 | _a296P | ||
| 650 |
_aROOH-E-PAKISTANIAT.PAKISTAN-HISTORY. _980234 |
||
| 942 |
_cBK _2ddc |
||
| 999 |
_c585185 _d585185 |
||